000 00706nam a2200205 4500
001 148926
003 ES-MaACL
005 20230906202855.0
007 t|
008 070214s1970 sp r ||||1| spa d
100 1 _aSuenens, Léon Joseph.
_9108729
245 1 1 _a¿Cristianismo sin Cristo? /
_cLéon Joseph Suenens, José María González Ruiz, José María Díez Alegría ; traducción parcial de J.J. Ferrero.
260 _aVizcaya :
_bEd. Paulinas,
_c1970.
300 _a140 p. ;
_c18 cm.
700 1 _aGonzález Ruiz, José María.
_958943
700 1 _aDíez Alegría, José María.
_9182604
700 1 _aFerrero, J. J.
_9221408
852 _aES-MaACL
_jC-48197
_bR.73369
999 _c148926
_d148926